Angustia, enfermedad, placer (Record no. 112509)

MARC details
000 -LEADER
campo de control de longitud fija 00790nam a2200217 4500
001 - NÚMERO DE CONTROL
campo de control 112509
003 - IDENTIFICADOR DE NÚMERO DE CONTROL
campo de control ES-MaACL
005 - FECHA Y HORA DE LA ÚLTIMA TRANSACCIÓN
campo de control 20250902041228.0
007 - CAMPO FIJO DE DESCRIPCIÓN FÍSICA--INFORMACIÓN GENERAL
campo de control de longitud fija t|
008 - DATOS DE LONGITUD FIJA--INFORMACIÓN GENERAL
campo de control de longitud fija 061121s1955 sp r ||||1| spa d
100 1# - ENTRADA PRINCIPAL--NOMBRE DE PERSONA
Nombre de persona Muñoz Pérez-Vizcaíno, Jesús.
9 (RLIN) 84474
245 10 - MENCIÓN DEL TÍTULO
Título Angustia, enfermedad, placer
Resto del título : psicología de la vida cotidiana /
Mención de responsabilidad, etc. Jesús Muñoz Pérez-Vizcaíno.
250 ## - MENCION DE EDICION
Mención de edición 2ª ed.
260 ## - PUBLICACIÓN, DISTRIBUCIÓN, ETC.
Lugar de publicación, distribución, etc. Comillas :
Nombre del editor, distribuidor, etc. Universidad Pontificia,
Fecha de publicación, distribución, etc. 1955.
300 ## - DESCRIPCIÓN FÍSICA
Extensión 196 p. ;
Dimensiones 18 cm.
490 1# - MENCIÓN DE SERIE
Mención de serie Publicaciones anejas a `Miscaláneo`. Serie `ciencia y arte`
710 2# - ENTRADA AGREGADA--NOMBRE DE ENTIDAD CORPORATIVA
Nombre de entidad corporativa o nombre de jurisdicción como elemento de entrada Universidad Pontificia Comillas
9 (RLIN) 173007
830 00 - PUNTO DE ACCESO ADICIONAL DE SERIE-TÍTULO UNIFORME
Título uniforme Publicaciones anejas a Miscaláneo.
Nombre de parte o sección de la obra Serie ciencia y arte
9 (RLIN) 233133
852 ## - LOCALIZACIÓN
Ubicación ES-MaACL
Número de control de estantería C-25652
Sublocalización o colección R.53269
Holdings
Estatus retirado Estado de pérdida Estado de daño No para préstamo Biblioteca de origen Biblioteca actual Ubicación en estantería Fecha de adquisición Fuente de adquisición Total de préstamos Signatura topográfica completa Código de barras Visto por última vez Precio de reemplazo Tipo de ítem Koha
        Biblioteca del Ateneo de Madrid Biblioteca del Ateneo de Madrid Depósito 2 17/01/2008     C-25652 1117361 23/02/2023 23/02/2023 Libro impreso